000 01386nam a2200241 a 4500
001 000003935
005 20240412074201.0
008 090715s2008 dr 001 0 spa d
020 _a9789945161380
040 _aDO-SdBNP
_bspa
_cBNPHU
082 _aRD863.5
_bB483m, 2008
100 1 _aBeras, Vicente,
_d1967-
_9683
245 1 0 _aMirando los ladrones por dentro /
_cVicente Beras.
250 _a2a ed.
260 _aSanto Domingo :
_bFomento Lector Editores,
_c2008.
300 _a151 p. ;
_c21 cm.
500 _aIncluye datos biográficos del autor en la solapa.
505 0 _t¿A quién? --
_tPrimer comentario --
_tSegundo comentario --
_tTercer comentario --
_tPrimer ladrón --
_tMonopolios --
_tUn ladrón muy personal --
_tAquí atrás, en el patio --
_tLa primera papeleta --
_tSimple necesidad --
_tFrente a los rieles del metro --
_tLa llamada que nunca se hará --
_t¡Un hombre tan serio! --
_tLa nerviosa señora que no pudo hablar --
_tJuegos de apariencia --
_tSalió corriendo --
_tPa que no sea pendeja --
_tVámonos por aquí --
_tNo era mal vecino --
_tPor computadora --
_tPara mí no era tan malo --
_tUn ladrón en el curso --
_tEn una voladora --
_tEn una película --
_tDeportados y políticos --
_tEntrenador --
_tÚltimo ladrón.
650 0 _aCuentos dominicanos
_9176
650 0 _aLiteratura dominicana.
_967
910 _aValidado. Control de calidad. MMOLINA
049 _aBNPD
999 _c3754
_d3754